Statistical report on road accidents 1999-2000
Salvato in:
| Ente Autore: | |
|---|---|
| Natura: | Libro |
| Lingua: | inglese francese |
| Pubblicazione: |
Paris
OECD
2003
|
| Soggetti: | |
| Tags: |
Nessun Tag, puoi essere il primo ad aggiungerne!!
|
MARC
| LEADER | 00000nam a2200000 4500 | ||
|---|---|---|---|
| 001 | c143221 | ||
| 005 | 20240104114621.3 | ||
| 020 | |a 92-821-0299-8 | ||
| 041 | 0 | |a eng | |
| 041 | 0 | |a fre | |
| 044 | |a FR | ||
| 245 | 1 | 0 | |a Statistical report on road accidents 1999-2000 |
| 264 | 1 | |a Paris |b OECD |c 2003 | |
| 300 | |a 122 s. | ||
| 610 | 2 | 0 | |a štatistika |
| 610 | 2 | 0 | |a tabuľky štatistické |
| 610 | 2 | 0 | |a údaje štatistické medzinárodné |
| 610 | 2 | 0 | |a porovnanie štatistické medzinárodné |
| 610 | 2 | 0 | |a doprava cestná |
| 610 | 2 | 0 | |a nehody dopravné |
| 610 | 2 | 0 | |a analýzy |
| 610 | 2 | 0 | |a svet |
| 610 | 2 | 0 | |a OECD |
| 610 | 2 | 0 | |a 1999-2000 |
| 710 | 2 | |a OECD. European Conference of Ministers of Transport | |